000 00817cam a2200241 4500
008 090401t1994 xxu||||| |||| 00| 0 eng d
020 _a0752000608
035 _a(Sirsi) u61016
041 _aeng
050 _a711.1
100 _aBanks, Sandra
245 _aPractical planning: appeals and inquiries.
260 _aLondon
_bLongman
_c1994
300 _axxiv,269p. ; 24cm.
350 _a45
490 _aLongman Practitioner Series
_v: Planning Library
520 _aA step-by-step guide to planning appeals, which includes chapters on deciding whether to appeal, appeal strategy, the various forms of appeal, costs and applications to quash appeal decisions.
650 _aPLANNING APPEALS
650 _aPLANNING INQUIRIES
690 _aPLANNING LAW AND PRACTICE
942 _n0
948 _c04/03/1997
999 _c94283
_d94283